[Event "1. OEsterreichische Internet Schach Meisterschaft - Vorrunde 3"]
[Site "Online - Playchess.com"]
[Date ""]
[Round "6"]
[Board "4"]
[White "Froewis, Annika"]
[Black "Sadilek, Peter"]
[Result "1-0"]
[WhiteElo "2136"]
[BlackElo "2340"]
[PlyCount "87"]
[EventDate "2020.04.17"]
[EventRounds "9"]
[EventCountry "AUT"]

1. e4 g6 2. d4 Bg7 3. Nc3 d6 4. Be3 c6 5. Qd2 b5 6. a4 b4 7. Nd1 a5 8. c3 bxc3 9.
Nxc3 Nf6 10. Be2 O-O 11. Nf3 Ba6 12. O-O Bxe2 13. Qxe2 Na6 14. Rfd1 Nb4 15. h3 Rb8
16. Rac1 e6 17. e5 Nfd5 18. Bg5 Qd7 19. Ne4 h6 20. Bh4 dxe5 21. Nxe5 Qb7 22. Nc5
Qa7 23. Ned7 Rfd8 24. Nxb8 Qxb8 25. Bxd8 Qxd8 26. Rd2 Nf4 27. Qe4 Nbd5 28. Kh2 Qb8
29. g3 Nh5 30. Nd3 Qb6 31. Rdc2 Nhf6 32. Qe2 Qxd4 33. Rxc6 Qxa4 34. Rc8+ Kh7 35.
Ne5 Ne4 36. Nxf7 Ndf6 37. R1c4 Qd7 38. R8c7 Qd5 39. f3 Nd2 40. Rc3 h5 41. Rd3 Qf5
42. Qxd2 Nd5 43. Rxd5 e5 44. Rxe5  1-0

[Event "1. OEsterreichische Internet Schach Meisterschaft - Vorrunde 3"]
[Site "Online - Playchess.com"]
[Date ""]
[Round "6"]
[Board "5"]
[White "Mostbauer, Florian"]
[Black "Rieger, Robert"]
[Result "1/2-1/2"]
[WhiteElo "2309"]
[BlackElo "2307"]
[PlyCount "41"]
[EventDate "2020.04.17"]
[EventRounds "9"]
[EventCountry "AUT"]

1. c4 c5 2. g3 Nf6 3. Bg2 Nc6 4. e3 e5 5. Ne2 d5 6. cxd5 Nxd5 7. O-O Be7 8. Nbc3
Nxc3 9. dxc3 h5 10. Qxd8+ Bxd8 11. e4 h4 12. Be3 Be7 13. Rfd1 Be6 14. Nc1 b6 15.
Nb3 f6 16. Bf1 hxg3 17. hxg3 Bg4 18. Bb5 Bf3 19. Bxc6+ Kf7 20. Bh6 Rxh6 21. Bxa8
 1/2-1/2

[Event "1. OEsterreichische Internet Schach Meisterschaft - Vorrunde 3"]
[Site "Online - Playchess.com"]
[Date ""]
[Round "6"]
[Board "6"]
[White "Schwabeneder, Florian"]
[Black "Bachler, Reinhard"]
[Result "1-0"]
[WhiteElo "2431"]
[BlackElo "2143"]
[PlyCount "109"]
[EventDate "2020.04.17"]
[EventRounds "9"]
[EventCountry "AUT"]

1. e4 c5 2. Nf3 d6 3. c3 Nf6 4. Be2 Bd7 5. d3 g6 6. O-O Bg7 7. Re1 O-O 8. Bf1 Nc6
9. h3 Rb8 10. d4 e5 11. dxe5 dxe5 12. a4 Qc7 13. Qc2 h6 14. Be3 b6 15. Na3 Be6 16.
Nc4 Nh5 17. Red1 Rbd8 18. a5 b5 19. Na3 b4 20. cxb4 cxb4 21. Nb5 Qb7 22. Rxd8 Rxd8
23. a6 Qd7 24. Rc1 Nd4 25. Bxd4 exd4 26. Qc7 d3 27. Qxd7 Rxd7 28. Rc7 Rxc7 29. Nxc7
Bc4 30. Nd2 Be5 31. Nxc4 Bxc7 32. Bxd3 Nf4 33. Bf1 Ne6 34. g3 Nc5 35. Nd2 Kf8 36.
Kg2 Ke7 37. f4 Kd6 38. Bc4 f6 39. Kf3 Na4 40. b3 Nc3 41. h4 h5 42. Bf7 g5 43. fxg5
fxg5 44. hxg5 Bd8 45. g6 Bf6 46. Nc4+ Kc5 47. e5 Bg7 48. Kf4 Kd4 49. Kf5 Nd5 50.
Bxd5 Kxd5 51. e6 Bf8 52. e7 Bxe7 53. g7 h4 54. g8=Q+ Kd4 55. Qg7+  1-0

[Event "1. OEsterreichische Internet Schach Meisterschaft - Vorrunde 3"]
[Site "Online - Playchess.com"]
[Date ""]
[Round "6"]
[Board "7"]
[White "Poetz, Florian"]
[Black "Breneis, Lukas"]
[Result "1-0"]
[WhiteElo "2422"]
[BlackElo "2257"]
[PlyCount "59"]
[EventDate "2020.04.17"]
[EventRounds "9"]
[EventCountry "AUT"]

1. e4 e5 2. Nf3 Qe7 3. Bc4 h6 4. O-O d6 5. Re1 Nf6 6. c3 c6 7. d4 Bg4 8. Nbd2 g5
9. Nf1 Nbd7 10. Ng3 Nb6 11. Bb3 Bg7 12. h3 Bd7 13. dxe5 dxe5 14. Nf5 Bxf5 15. exf5
Nfd7 16. a4 Rd8 17. Qe2 O-O 18. Be3 Rfe8 19. Nd2 Nd5 20. Ne4 Nf4 21. Qc4 Nb6 22.
Bxb6 axb6 23. Rad1 Rxd1 24. Rxd1 Nd5 25. Qe2 Rd8 26. Qd3 Bf6 27. Nxf6+ Qxf6 28. c4
e4 29. Qd4 Qxd4 30. Rxd4  1-0

[Event "1. OEsterreichische Internet Schach Meisterschaft - Vorrunde 3"]
[Site "Online - Playchess.com"]
[Date ""]
[Round "6"]
[Board "9"]
[White "Exler, Veronika"]
[Black "Enoeckl, Philipp"]
[Result "1-0"]
[WhiteElo "2155"]
[BlackElo "2276"]
[PlyCount "95"]
[EventDate "2020.04.17"]
[EventRounds "9"]
[EventCountry "AUT"]

1. e4 e6 2. d4 d5 3. Bd3 dxe4 4. Bxe4 Nf6 5. Bf3 c5 6. Ne2 Nc6 7. Be3 e5 8. Bxc6+
bxc6 9. dxe5 Qxd1+ 10. Kxd1 Ng4 11. Re1 Nxe3+ 12. fxe3 Be6 13. Nd2 O-O-O 14. Nf4
g6 15. Nxe6 fxe6 16. Ke2 Bg7 17. Nc4 Rd5 18. Rf1 Rhd8 19. Rf7 R8d7 20. Rxd7 Kxd7
21. c3 Ke7 22. e4 Rd8 23. Na5 Rc8 24. Nc4 Rd8 25. Rf1 a5 26. a4 Rb8 27. Rf3 Rd8 28.
Rh3 h6 29. Rg3 g5 30. h4 Rh8 31. hxg5 hxg5 32. Rxg5 Bf8 33. Rg6 Rh4 34. Kf3 Rh1 35.
Nxa5 Rf1+ 36. Ke2 Ra1 37. b3 Kd7 38. Kd3 Be7 39. Nc4 Rd1+ 40. Kc2 Re1 41. a5 Rxe4
42. a6 Re2+ 43. Kb1 Re1+ 44. Ka2 Re2+ 45. Nb2 Rf2 46. Rg8 c4 47. a7 cxb3+ 48. Kxb3
 1-0

[Event "1. OEsterreichische Internet Schach Meisterschaft - Vorrunde 3"]
[Site "Online - Playchess.com"]
[Date ""]
[Round "6"]
[Board "10"]
[White "Mittelberger, Peter"]
[Black "Frank, Emanuel"]
[Result "1-0"]
[WhiteElo "2176"]
[BlackElo "2271"]
[PlyCount "115"]
[EventDate "2020.04.17"]
[EventRounds "9"]
[EventCountry "AUT"]

1. c4 e6 2. Nc3 d5 3. cxd5 exd5 4. d4 c6 5. Nf3 Bf5 6. Bf4 Bd6 7. Bg3 Nf6 8. e3
O-O 9. Bd3 Bxd3 10. Qxd3 Na6 11. O-O Nc7 12. a3 a5 13. Rac1 Re8 14. Ne5 Nh5 15. Nf3
Nxg3 16. hxg3 Ne6 17. Na4 g6 18. Qb3 b5 19. Nc3 a4 20. Qc2 Qb6 21. Na2 Rac8 22. Qd2
Nd8 23. Nb4 Nb7 24. Qe2 Na5 25. Nd2 Bxb4 26. axb4 Nc4 27. Nb1 Qc7 28. Rc2 Qd6 29.
Qe1 f5 30. Qc3 Re7 31. Nd2 Rb8 32. Nf3 Rbe8 33. Ra1 h6 34. b3 axb3 35. Qxb3 Qb8 36.
Rca2 Qb6 37. Qc3 Rb7 38. Ne5 Nxe5 39. dxe5 Qc7 40. f4 Rc8 41. Qc5 Qe7 42. Rc2 Qxc5
43. Rxc5 Kf7 44. Ra6 Rbc7 45. Kf2 Ke7 46. Kf3 Kd7 47. Rc1 Rb7 48. g4 Ke6 49. Rh1
fxg4+ 50. Kxg4 h5+ 51. Kf3 Kf5 52. Rg1 Rcc7 53. g4+ hxg4+ 54. Rxg4 Ra7 55. Rg5+ Ke6
56. Rxg6+ Kd7 57. Rxa7 Rxa7 58. Rg7+  1-0

[Event "1. OEsterreichische Internet Schach Meisterschaft - Vorrunde 3"]
[Site "Online - Playchess.com"]
[Date ""]
[Round "6"]
[Board "11"]
[White "Wohlfahrt, Herbert"]
[Black "Frank, Paul"]
[Result "1/2-1/2"]
[WhiteElo "2285"]
[BlackElo "2208"]
[PlyCount "88"]
[EventDate "2020.04.17"]
[EventRounds "9"]
[EventCountry "AUT"]

1. Nf3 Nf6 2. c4 g6 3. b3 Bg7 4. Bb2 O-O 5. g3 c5 6. Bg2 d5 7. cxd5 Qxd5 8. O-O Qh5
9. d4 Rd8 10. Qc1 cxd4 11. Nxd4 Bh3 12. Nf3 Nc6 13. Nc3 Ng4 14. Rd1 Rxd1+ 15. Nxd1
Bxb2 16. Qxb2 Bxg2 17. Kxg2 Rd8 18. h3 Nf6 19. Ne3 Ne4 20. Qc2 Nf6 21. Rd1 Rxd1 22.
Qxd1 Qc5 23. Qd2 Kg7 24. Nc4 Qd5 25. Qb2 b5 26. Ne3 Qe4 27. Ng4 h5 28. Nxf6 exf6
29. Kg1 a5 30. Qc3 Nb4 31. a3 Nd5 32. Qd4 Qb1+ 33. Kg2 Qxb3 34. e4 Nc3 35. e5 fxe5
36. Qxe5+ Kh7 37. Ng5+ Kg8 38. Qe8+ Kg7 39. Qe5+ Kg8 40. Kh2 b4 41. Qe8+ Kg7 42.
Qe5+ Kg8 43. Qb8+ Kg7 44. Qe5+ Kg8  1/2-1/2

[Event "1. OEsterreichische Internet Schach Meisterschaft - Vorrunde 3"]
[Site "Online - Playchess.com"]
[Date ""]
[Round "6"]
[Board "12"]
[White "Gelbenegger, Patrick"]
[Black "Pali, Philipp"]
[Result "0-1"]
[WhiteElo "2240"]
[BlackElo "2245"]
[PlyCount "128"]
[EventDate "2020.04.17"]
[EventRounds "9"]
[EventCountry "AUT"]

1. e4 e6 2. d4 d5 3. Nd2 Nc6 4. Ngf3 Nf6 5. e5 Nd7 6. c3 f6 7. Bb5 fxe5 8. Bxc6 bxc6
9. dxe5 Be7 10. Nb3 c5 11. Na5 O-O 12. O-O Ba6 13. Re1 Qe8 14. Nc6 h6 15. Qa4 Bd3
16. Qg4 Bf5 17. Qg3 Kh8 18. Nxe7 Qxe7 19. Nh4 c4 20. Nxf5 Rxf5 21. b3 cxb3 22. axb3
Qc5 23. h3 Raf8 24. Ba3 Qxf2+ 25. Qxf2 Rxf2 26. Bxf8 Rxf8 27. Rxa7 Nc5 28. Rxc7 Nxb3
29. Rf1 Rg8 30. Rff7 Nd2 31. Rfe7 h5 32. Rxe6 Ne4 33. Ree7 h4 34. Red7 Ra8 35. Ra7
Rb8 36. Rdb7 Rc8 37. Rc7 Rb8 38. Ra1 Re8 39. c4 Rxe5 40. cxd5 Rxd5 41. Re1 Ng3 42.
Rc4 Nf5 43. Ree4 Kh7 44. Kf2 Kh6 45. Ra4 g6 46. Rg4 Rd2+ 47. Kf3 Rd6 48. Ra5 Kh5
49. Kf4 Rd4+ 50. Kf3 Rd6 51. Re4 Rd3+ 52. Kf4 Rd2 53. Re8 Rf2+ 54. Ke4 Rxg2 55. Rxf5+
gxf5+ 56. Kxf5 Rf2+ 57. Ke6 Re2+ 58. Kf7 Rxe8 59. Kxe8 Kg5 60. Kf7 Kf4 61. Kf6 Kg3
62. Kf5 Kxh3 63. Kf4 Kg2 64. Ke3 h3  0-1

[Event "1. OEsterreichische Internet Schach Meisterschaft - Vorrunde 3"]
[Site "Online - Playchess.com"]
[Date ""]
[Round "6"]
[Board "13"]
[White "Mayrhuber, Tobias"]
[Black "Kruckenhauser, Arthur"]
[Result "0-1"]
[WhiteElo "2045"]
[BlackElo "2233"]
[PlyCount "66"]
[EventDate "2020.04.17"]
[EventRounds "9"]
[EventCountry "AUT"]

1. e4 c5 2. Nf3 d6 3. Bb5+ Bd7 4. Bxd7+ Qxd7 5. O-O Nc6 6. c3 e6 7. d4 cxd4 8. cxd4
Nf6 9. Nc3 d5 10. e5 Ne4 11. Qe2 Nxc3 12. bxc3 Be7 13. Be3 Na5 14. Nd2 Rc8 15. Rfc1
Nc4 16. Qg4 g6 17. h4 h5 18. Qh3 O-O 19. g4 hxg4 20. Qxg4 Nxe3 21. fxe3 Kg7 22. h5
Rh8 23. hxg6 fxg6 24. Nf3 Rcf8 25. Kg2 Rf5 26. Rh1 Rhf8 27. Rh3 Qb5 28. Rg3 Qb2+
29. Kg1 Qxa1+ 30. Kg2 Qxa2+ 31. Kg1 Qb1+ 32. Kg2 Rxf3 33. Qxg6+ Qxg6  0-1

[Event "1. OEsterreichische Internet Schach Meisterschaft - Vorrunde 3"]
[Site "Online - Playchess.com"]
[Date ""]
[Round "6"]
[Board "14"]
[White "Peyrer, Konstantin"]
[Black "Reyhani, Adel"]
[Result "1-0"]
[WhiteElo "2286"]
[BlackElo "1918"]
[PlyCount "69"]
[EventDate "2020.04.17"]
[EventRounds "9"]
[EventCountry "AUT"]

1. e4 d6 2. Nf3 g6 3. d4 Bg7 4. h4 h6 5. c3 Nd7 6. Bc4 Nb6 7. Bb3 Bg4 8. Nbd2 Nf6
9. e5 Nfd5 10. Qe2 O-O 11. Nf1 a5 12. N1h2 Be6 13. Bc2 c5 14. h5 cxd4 15. cxd4 Nb4
16. hxg6 Bc4 17. Qd1 Rc8 18. gxf7+ Rxf7 19. Bg6 Rf8 20. Ng4 Bd5 21. Nxh6+ Bxh6 22.
Bxh6 Bxf3 23. gxf3 dxe5 24. Qb1 e4 25. Qxe4 Nc2+ 26. Kf1 Qd6 27. Bh7+ Kf7 28. Bxf8
Rxf8 29. Qxc2 Ke8 30. Be4 Qxd4 31. Rd1 Qb4 32. Rh5 Rg8 33. Rf5 Rh8 34. Bc6+ bxc6
35. Qxc6+  1-0

[Event "1. OEsterreichische Internet Schach Meisterschaft - Vorrunde 3"]
[Site "Online - Playchess.com"]
[Date ""]
[Round "6"]
[Board "15"]
[White "Diermair, Andreas"]
[Black "Strodl, Joachim"]
[Result "1-0"]
[WhiteElo "2465"]
[BlackElo "2137"]
[PlyCount "47"]
[EventDate "2020.04.17"]
[EventRounds "9"]
[EventCountry "AUT"]

1. d4 g6 2. e4 Bg7 3. Nf3 d6 4. Bd3 a6 5. O-O b5 6. Re1 e6 7. c3 c5 8. a4 cxd4 9.
cxd4 bxa4 10. Qxa4+ Bd7 11. Qa3 Qb6 12. Bd2 Nc6 13. Bc3 Bf8 14. Nbd2 d5 15. Qa2 dxe4
16. Bxe4 Rc8 17. Bxc6 Rxc6 18. d5 Rxc3 19. bxc3 Nf6 20. Rab1 Qc5 21. dxe6 Bxe6 22.
Rxe6+ fxe6 23. Qxe6+ Be7 24. Rb8+  1-0

[Event "1. OEsterreichische Internet Schach Meisterschaft - Vorrunde 3"]
[Site "Online - Playchess.com"]
[Date ""]
[Round "6"]
[Board "16"]
[White "Blohberger, Felix"]
[Black "Schneider-Zinner, Harald"]
[Result "1-0"]
[WhiteElo "2448"]
[BlackElo "2381"]
[PlyCount "85"]
[EventDate "2020.04.17"]
[EventRounds "9"]
[EventCountry "AUT"]

1. d4 d5 2. c4 e6 3. Nc3 Nf6 4. cxd5 exd5 5. Bg5 Be7 6. Qc2 c6 7. e3 O-O 8. Bd3 Nbd7
9. Nge2 Re8 10. O-O Nf8 11. f3 g6 12. Rae1 Ne6 13. Bh4 b5 14. Qc1 Bb7 15. Nf4 Ng7
16. Bf2 Rc8 17. Kh1 a6 18. e4 dxe4 19. fxe4 c5 20. d5 Ng4 21. Bg3 Ne5 22. Bb1 Bd6
23. Nd1 c4 24. Ne3 b4 25. Qd1 a5 26. Nc2 Ba6 27. Rf2 Nd3 28. Nxd3 Bxg3 29. hxg3 cxd3
30. Nd4 Qg5 31. Bxd3 Bxd3 32. Qxd3 Nh5 33. Kh2 Nf6 34. Rf4 Nxd5 35. exd5 Rxe1 36.
Nf3 Qh6+ 37. Rh4 Rcc1 38. Nxe1 Qg5 39. Nf3 Qf6 40. d6 Rc8 41. Rf4 Qe6 42. Re4 Qxa2
43. d7  1-0

[Event "1. OEsterreichische Internet Schach Meisterschaft - Vorrunde 3"]
[Site "Online - Playchess.com"]
[Date ""]
[Round "6"]
[Board "17"]
[White "Kuecher, Wolfgang"]
[Black "Alvir, Aco"]
[Result "0-1"]
[WhiteElo "2117"]
[BlackElo "2338"]
[PlyCount "86"]
[EventDate "2020.04.17"]
[EventRounds "9"]
[EventCountry "AUT"]

1. g3 Nf6 2. Bg2 g6 3. e4 d6 4. d4 Bg7 5. Nc3 O-O 6. Nge2 c6 7. h3 Nbd7 8. O-O e5
9. Be3 Qc7 10. Qd2 Re8 11. Rad1 b5 12. a3 a5 13. Kh2 b4 14. axb4 axb4 15. Nb1 Ba6
16. Rfe1 Qb7 17. f3 h5 18. Bh6 Qb6 19. Bxg7 Kxg7 20. c3 c5 21. f4 bxc3 22. bxc3 Bc4
23. Qe3 exf4 24. Qxf4 Ra2 25. Rd2 Ra1 26. Qf1 Nxe4 27. Rdd1 Ra2 28. Qf3 Ng5 29. Qf4
Rexe2 30. Rxe2 Bxe2 31. Re1 Ne6 32. Qe3 cxd4 33. cxd4 Qxd4 34. Rxe2 Qxe3 35. Rxe3
Ne5 36. Nc3 Rc2 37. Ne4 d5 38. Nd6 Nc4 39. Rd3 Nxd6 40. Rxd5 Nf5 41. Re5 Ng5 42.
g4 hxg4 43. hxg4 Nf3+  0-1

[Event "1. OEsterreichische Internet Schach Meisterschaft - Vorrunde 3"]
[Site "Online - Playchess.com"]
[Date ""]
[Round "6"]
[Board "19"]
[White "Doujak, Gabriel Andreas"]
[Black "Perhinig, Robert"]
[Result "0-1"]
[WhiteElo "1980"]
[BlackElo "2252"]
[PlyCount "140"]
[EventDate "2020.04.17"]
[EventRounds "9"]
[EventCountry "AUT"]

1. e4 e6 2. d4 d5 3. Nd2 Nf6 4. e5 Nfd7 5. Bd3 c5 6. c3 Nc6 7. Ne2 cxd4 8. cxd4 f6
9. exf6 Nxf6 10. O-O Bd6 11. Nf3 O-O 12. Bf4 Bxf4 13. Nxf4 Ne4 14. g3 Qf6 15. h4
h6 16. Kg2 g5 17. hxg5 hxg5 18. Nh5 Qf5 19. Bxe4 Qxe4 20. Re1 Qg4 21. Ne5 Qf5 22.
Qd2 Ne7 23. g4 Qh7 24. Qxg5+ Kh8 25. Nf6 Rxf6 26. Qxf6+ Kg8 27. Qg5+ Qg7 28. Qxg7+
Kxg7 29. f3 Nc6 30. Nxc6 bxc6 31. Re5 Bd7 32. f4 Rb8 33. b3 Rb4 34. Rd1 a5 35. f5
Kf6 36. fxe6 Bxe6 37. g5+ Kf7 38. Kg3 a4 39. bxa4 Rxa4 40. Rd2 Bd7 41. Kh4 Kg6 42.
Re7 Bf5 43. Re8 Be4 44. Rd8 Ra3 45. Rd6+ Kg7 46. Rh2 Rf3 47. Kh5 Rg3 48. Rd7+ Kg8
49. Kh6 Bf5 50. Rc7 Rd3 51. g6 Rg3 52. g7 Rg6+ 53. Kh5 Be4 54. Rc8+ Kxg7 55. Rh4
Rh6+ 56. Kg5 Rg6+ 57. Kf4 Rf6+ 58. Ke5 Rf2 59. Rxc6 Kf7 60. Ra6 Rf5+ 61. Kd6 Rf6+
62. Kc5 Rxa6 63. Rh2 Kg6 64. Kb4 Kf5 65. a4 Kf4 66. Kb5 Ra8 67. a5 Ke3 68. Kb6 Kxd4
69. a6 Ke5 70. a7 d4  0-1

[Event "1. OEsterreichische Internet Schach Meisterschaft - Vorrunde 3"]
[Site "Online - Playchess.com"]
[Date ""]
[Round "6"]
[Board "20"]
[White "Hofmann, Thomas"]
[Black "Kreutzmann, Duke"]
[Result "1-0"]
[WhiteElo "2215"]
[BlackElo "2036"]
[PlyCount "41"]
[EventDate "2020.04.17"]
[EventRounds "9"]
[EventCountry "AUT"]

1. d4 e6 2. c4 Bb4+ 3. Nc3 c5 4. d5 d6 5. e4 e5 6. Bd2 Bxc3 7. Bxc3 Nf6 8. Bd3 O-O
9. Ne2 g6 10. O-O Nh5 11. Bd2 Ng7 12. Bh6 Qh4 13. Qd2 Nd7 14. f3 f5 15. Bg5 Qh5 16.
Ng3 Qxg5 17. Qxg5 Nf6 18. exf5 gxf5 19. Bxf5 h6 20. Qg6 Bxf5 21. Nxf5  1-0

[Event "1. OEsterreichische Internet Schach Meisterschaft - Vorrunde 3"]
[Site "Online - Playchess.com"]
[Date ""]
[Round "6"]
[Board "22"]
[White "Schroettner, Martin"]
[Black "Ehs, Dominik"]
[Result "1-0"]
[WhiteElo "1934"]
[BlackElo "2070"]
[PlyCount "141"]
[EventDate "2020.04.17"]
[EventRounds "9"]
[EventCountry "AUT"]

1. Nf3 Nf6 2. c4 g6 3. Nc3 Bg7 4. d4 d6 5. e4 O-O 6. h3 e5 7. Be3 a5 8. Qd2 Nfd7
9. Bh6 Nc6 10. Bxg7 Kxg7 11. a3 f6 12. Be2 b6 13. g4 Re8 14. d5 Ncb8 15. Nh4 Nc5
16. Bd1 f5 17. Nxf5+ gxf5 18. gxf5 Kh8 19. Bc2 Qh4 20. O-O-O Nba6 21. Rdg1 Qf4 22.
Rg4 Qxd2+ 23. Kxd2 Bd7 24. Rhg1 Rg8 25. f3 Rxg4 26. fxg4 h6 27. h4 Kg7 28. g5 hxg5
29. hxg5 Rh8 30. Rg2 c6 31. Ke2 Rh4 32. Kf3 Rf4+ 33. Ke3 Rh4 34. Kf3 Rh3+ 35. Kg4
Rh1 36. Ne2 cxd5 37. cxd5 Bb5 38. Ng3 Rh8 39. Nh5+ Kf8 40. g6 Rg8 41. Kg5 Bd3 42.
Bxd3 Nxd3 43. f6 Ne1 44. Rf2 Nc5 45. Kf5 Rh8 46. g7+ Kg8 47. gxh8=Q+ Kxh8 48. f7
Nd7 49. Ke6 Nf8+ 50. Ke7 Ng6+ 51. Kxd6 Nd3 52. f8=Q+ Nxf8 53. Rxf8+ Kh7 54. Rb8 Kg6
55. Ng3 Nc5 56. Kxe5 Kg5 57. Kd4 Nb3+ 58. Kc3 Nc5 59. Rxb6 Kf4 60. Kd4 Na4 61. Ra6
Nxb2 62. d6 Na4 63. d7 Kxg3 64. d8=Q Nb6 65. Qxb6 Kf4 66. Qd6+ Kf3 67. Rxa5 Ke2 68.
Qa6+ Kd2 69. Qd3+ Kc1 70. Rc5+ Kb2 71. Rc2+  1-0

[Event "1. OEsterreichische Internet Schach Meisterschaft - Vorrunde 3"]
[Site "Online - Playchess.com"]
[Date ""]
[Round "6"]
[Board "23"]
[White "Kuba, Guenther"]
[Black "Kwech, Andreas"]
[Result "1-0"]
[WhiteElo "2348"]
[BlackElo "1901"]
[PlyCount "45"]
[EventDate "2020.04.17"]
[EventRounds "9"]
[EventCountry "AUT"]

1. e4 c5 2. Nf3 d6 3. Bb5+ Nc6 4. O-O Nf6 5. Re1 Bd7 6. c3 g6 7. d4 cxd4 8. cxd4
Bg7 9. h3 O-O 10. Nc3 Rc8 11. e5 Ne8 12. Bf4 dxe5 13. dxe5 a6 14. Bf1 e6 15. Qd2
Qc7 16. Rad1 Nb8 17. Ne4 Bc6 18. Nf6+ Kh8 19. Ng5 h6 20. Ngh7 Qe7 21. Bxh6 Nxf6 22.
Bxg7+ Kxh7 23. Qh6+  1-0

[Event "1. OEsterreichische Internet Schach Meisterschaft - Vorrunde 3"]
[Site "Online - Playchess.com"]
[Date ""]
[Round "6"]
[Board "24"]
[White "Schloffer, Jasmin-Denise"]
[Black "Schreiner, Peter"]
[Result "0-1"]
[WhiteElo "2110"]
[BlackElo "2440"]
[PlyCount "102"]
[EventDate "2020.04.17"]
[EventRounds "9"]
[EventCountry "AUT"]

1. d4 Nf6 2. c4 e6 3. Nc3 Bb4 4. e3 b6 5. Nge2 Ne4 6. a3 Nxc3 7. Nxc3 Bxc3+ 8. bxc3
Bb7 9. f3 O-O 10. Bd3 f5 11. O-O d6 12. Qe2 Nd7 13. e4 fxe4 14. fxe4 Rxf1+ 15. Qxf1
e5 16. Bd2 Qe7 17. Re1 Rf8 18. Qe2 h6 19. Qe3 Nf6 20. h3 Nh5 21. Qe2 Nf4 22. Bxf4
Rxf4 23. d5 a5 24. Rf1 Qf6 25. Rxf4 Qxf4 26. Qf1 g5 27. Qxf4 exf4 28. Kf2 Kf7 29.
g3 fxg3+ 30. Kxg3 Kf6 31. Kg4 Bc8+ 32. Kg3 Ke5 33. Bc2 Bd7 34. h4 gxh4+ 35. Kxh4
Be8 36. Kg4 Bg6 37. Kf3 h5 38. Bb1 h4 39. Kg4 Bxe4 40. Ba2 Bc2 41. Kxh4 Ke4 42. Kg5
Kd3 43. Kf6 Kxc3 44. Ke7 Bb3 45. Bb1 Kxc4 46. Kd7 Kxd5 47. Kxc7 Kc5 48. Bd3 d5 49.
Ba6 d4 50. Kb7 Bc2 51. Kc7 d3  0-1

[Event "1. OEsterreichische Internet Schach Meisterschaft - Vorrunde 3"]
[Site "Online - Playchess.com"]
[Date ""]
[Round "6"]
[Board "25"]
[White "Huber, Martin Christian"]
[Black "Bachner, Karsten"]
[Result "1-0"]
[WhiteElo "2341"]
[BlackElo "1997"]
[PlyCount "77"]
[EventDate "2020.04.17"]
[EventRounds "9"]
[EventCountry "AUT"]

1. Nf3 d5 2. c4 c6 3. e3 Nf6 4. Nc3 e6 5. b3 Be7 6. Qc2 O-O 7. Bb2 b6 8. Rg1 Bb7
9. g4 c5 10. g5 Ne4 11. Bd3 Nc6 12. Nxe4 Nb4 13. Nf6+ Bxf6 14. gxf6 Nxc2+ 15. Bxc2
g6 16. cxd5 exd5 17. Nh4 Kh8 18. Be5 Re8 19. f4 Rxe5 20. fxe5 Qe8 21. Nf3 d4 22.
e4 Rd8 23. Bd3 b5 24. Rc1 c4 25. bxc4 bxc4 26. Bxc4 Bxe4 27. Ng5 Bd5 28. Bxd5 Rxd5
29. Nxf7+ Kg8 30. Rc7 Rxe5+ 31. Kd1 Qa4+ 32. Kc1 Qa3+ 33. Kd1 Qa4+ 34. Kc1 Rc5+ 35.
Rxc5 Qa3+ 36. Kd1 Qxc5 37. Ng5 h6 38. f7+ Kf8 39. Ne6+  1-0

[Event "1. OEsterreichische Internet Schach Meisterschaft - Vorrunde 3"]
[Site "Online - Playchess.com"]
[Date ""]
[Round "6"]
[Board "26"]
[White "Neuschmied, Siegfried"]
[Black "Hofer, Maximilian"]
[Result "0-1"]
[WhiteElo "2268"]
[BlackElo "2108"]
[PlyCount "112"]
[EventDate "2020.04.17"]
[EventRounds "9"]
[EventCountry "AUT"]

1. e4 e5 2. Nf3 Nc6 3. Bb5 a6 4. Ba4 Nf6 5. d3 b5 6. Bb3 Be7 7. O-O O-O 8. c3 d5
9. exd5 Nxd5 10. Re1 Bf6 11. a4 b4 12. a5 Bb7 13. Bc4 Re8 14. Qb3 Nce7 15. cxb4 Ng6
16. Nc3 c6 17. Be3 Qd7 18. Ne4 Be7 19. Bc5 Kh8 20. Bxe7 Rxe7 21. Nc5 Qd6 22. g3 Rb8
23. Re2 Bc8 24. Bxd5 cxd5 25. Nd2 f5 26. Rae1 Re8 27. Qc3 f4 28. Nf3 e4 29. dxe4
dxe4 30. Rxe4 Rxe4 31. Rxe4 Bh3 32. Qd4 Qf8 33. Ne6 Bxe6 34. Rxe6 fxg3 35. Ng5 gxf2+
36. Qxf2 Qxf2+ 37. Kxf2 Rf8+ 38. Ke3 Kg8 39. Rxa6 Ne7 40. Re6 Nd5+ 41. Kd4 Nxb4 42.
Rb6 Nc2+ 43. Kc3 Ne3 44. a6 Nd5+ 45. Kd4 Nxb6 46. Kc5 Na8 47. b4 Rc8+ 48. Kd6 h6
49. Ne6 Kf7 50. Nc5 Rb8 51. Nd3 Rb6+ 52. Kc5 Rxa6 53. b5 Rf6 54. Ne5+ Ke8 55. Nc6
Kd7 56. Ne5+ Kc7  0-1

[Event "1. OEsterreichische Internet Schach Meisterschaft - Vorrunde 3"]
[Site "Online - Playchess.com"]
[Date ""]
[Round "6"]
[Board "27"]
[White "Postl, Anton"]
[Black "Buchegger, Fridolin"]
[Result "1-0"]
[WhiteElo "2290"]
[BlackElo "1827"]
[PlyCount "50"]
[EventDate "2020.04.17"]
[EventRounds "9"]
[EventCountry "AUT"]

1. d4 Nf6 2. c4 g6 3. Nf3 Bg7 4. g3 O-O 5. Bg2 d6 6. O-O c6 7. Nc3 Nbd7 8. Qc2 Qc7
9. e4 e5 10. h3 exd4 11. Nxd4 Re8 12. Bf4 Nh5 13. Be3 Nhf6 14. Rfe1 Nc5 15. Rad1
a5 16. f4 a4 17. Bf2 Be6 18. Nxe6 Rxe6 19. e5 Nfd7 20. exd6 Qb8 21. Rxe6 Nxe6 22.
Ne4 Nec5 23. Nxc5 Nxc5 24. Bxc5 b6 25. Bf2 Ra7  1-0

[Event "1. OEsterreichische Internet Schach Meisterschaft - Vorrunde 3"]
[Site "Online - Playchess.com"]
[Date ""]
[Round "6"]
[Board "28"]
[White "Pernerstorfer, Max"]
[Black "Brod, Manfred"]
[Result "1-0"]
[WhiteElo "1985"]
[BlackElo "2211"]
[PlyCount "45"]
[EventDate "2020.04.17"]
[EventRounds "9"]
[EventCountry "AUT"]

1. e4 e6 2. d4 d5 3. Nd2 c5 4. exd5 Qxd5 5. Ngf3 cxd4 6. Bc4 Qd6 7. O-O Nf6 8. Nb3
Nc6 9. Nbxd4 Nxd4 10. Nxd4 a6 11. a4 Qc7 12. Qe2 Bd6 13. h3 O-O 14. Bg5 b6 15. Bd3
Bh2+ 16. Kh1 Be5 17. Nf3 Bxb2 18. Rab1 Bc3 19. Bxf6 Bxf6 20. Qe4 g6 21. Qxa8 Bb7
22. Qa7 Bd8 23. Bxa6  1-0

[Event "1. OEsterreichische Internet Schach Meisterschaft - Vorrunde 3"]
[Site "Online - Playchess.com"]
[Date ""]
[Round "6"]
[Board "29"]
[White "Mostbauer, Maximilian"]
[Black "Mira, Helene"]
[Result "1-0"]
[WhiteElo "2217"]
[BlackElo "2082"]
[PlyCount "63"]
[EventDate "2020.04.17"]
[EventRounds "9"]
[EventCountry "AUT"]

1. d4 d6 2. Nf3 Nf6 3. g3 g6 4. Bg2 Bg7 5. O-O O-O 6. b3 c6 7. Bb2 Bg4 8. Nbd2 Nbd7
9. c4 e6 10. e4 d5 11. e5 Ne4 12. Qe1 Nxd2 13. Nxd2 Bf5 14. Qe2 h5 15. h3 f6 16.
g4 hxg4 17. hxg4 Bc2 18. Rac1 fxe5 19. Rxc2 e4 20. Nxe4 dxe4 21. Qxe4 Qe7 22. Re1
Nf6 23. Qxe6+ Qxe6 24. Rxe6 Nxg4 25. Rce2 Rad8 26. d5 Bxb2 27. Rxb2 cxd5 28. Rxg6+
Kf7 29. Rxg4 dxc4 30. Rf4+ Ke6 31. Rxf8 Rxf8 32. bxc4  1-0